| 000 | 00410nam a2200157Ia 4500 | ||
|---|---|---|---|
| 003 | GCL | ||
| 008 | 140319s9999 xx 000 0 ara d | ||
| 040 |
_aGCL / _cGCL |
||
| 082 | 0 | 4 |
_a332.49 _bع ن |
| 245 | 1 | 0 | _aالنقود العربية ماضيها وحاضرها |
| 300 | _a147 ص | ||
| 490 | _a | ||
| 650 | 0 | 4 | _aالنقود العربية |
| 650 | 0 | 4 | _aالنقود الاسلامية |
| 942 |
_2ddc _cBK |
||
| 999 |
_c38073 _d38073 |
||